000 00238 a2200097 4500
001 51733
100 _aGhulam Ahmed Hurary
245 _aArabi Urdu Bool Chall
260 _aLahore
_bMektaba Al-Qurash Urdu Bazar
_c
090 _c32716
_d32716
942 _aNUST-CAE
_cM
_c25243
999 _c286806
_d286806